| 000 | 00359nam a2200133Ia 4500 | ||
|---|---|---|---|
| 008 | 210430s9999 xx 000 0 und d | ||
| 082 | _a671.37 G354 P | ||
| 100 |
_aRandall M,German _952247 |
||
| 245 |
_aPowder Metallurgy Science / _cRandall M,German |
||
| 250 | _a2nd edition | ||
| 260 |
_aAmerica _bMetal Powder _c1994 |
||
| 300 | _a472p | ||
| 942 |
_cBK _2ddc |
||
| 999 |
_c561932 _d561932 |
||